Islamabad Airport Destinations - Statistics

General Stats
  • This quiz has been taken 36 times
  • The average score is 20 of 32
Answer Stats
Country City % Correct
China Beijing
96%
Canada Toronto
96%
Afghanistan Kabul
93%
Thailand Bangkok
89%
Qatar Doha
89%
United Arab Emirates Dubai-Sharjah
89%
Turkey Istanbul
89%
Malaysia Kuala Lumpur
89%
Saudi Arabia Riyadh
89%
Azerbaijan Baku
85%
United Arab Emirates Dubai
85%
Pakistan Karachi
85%
United Kingdom London
85%
Bahrain Manama
85%
Oman Muscat
85%
United Arab Emirates Abu Dhabi
81%
Saudi Arabia Jeddah
81%
Saudi Arabia Medina
70%
Kyrgyzstan Bishkek
67%
Saudi Arabia Dammam
63%
China Chengdu
48%
China Urumqi
48%
Pakistan Quetta
44%
Pakistan Multan
33%
Oman Salalah
22%
Pakistan Skardu
22%
Pakistan Gilgit
19%
United Arab Emirates Ras al Khaimah
19%
Pakistan Sukkur
15%
Iraq Al Najaf
7%
Pakistan Turbat
7%
Saudi Arabia Gassim
4%
No matching quizzes found
Score Distribution
Percent of People with Each Score
Percentile by Number Answered
Your Score History
You have not taken this quiz